| 000 | 00871nam a2200205Ia 4500 | ||
|---|---|---|---|
| 003 | Ost | ||
| 005 | 20260507075650.0 | ||
| 008 | 260507s9999||||xx |||||||||||||| ||und|| | ||
| 020 | _a1994009957 | ||
| 040 | _cfsecg | ||
| 041 | _aara | ||
| 100 |
_aالسعدي، عباس فاضل _eمؤلف |
||
| 245 | 0 |
_aأساسيات الجغرافية البشرية / _c عباس فاضل السعدي |
|
| 260 |
_aعمان: _bمؤسسة الوراق للنشر والتوزيع, _c2002 |
||
| 300 |
_a474 صفحة؛ _bغلاف ملون ومصور، خرائط وصور _c24 سم |
||
| 504 | _aالمصادر ص453 | ||
| 520 | _aالجغرافيا البشرية ومدارسها- الإنسان- الإنسان والبيئة الطبيعية- الإقتصاد البشري- الإستيطان البشري. | ||
| 653 | _aالجغرافيا البشرية | ||
| 942 | _cكتاب | ||
| 999 |
_c45565 _d45565 |
||